00804nam a22001697a 450000500170000000800410001702000150005805000250007310000250009824501220012325000120024526001920025730000480044961000600049765000500055765000270060720170602121737.0170602b mx ||||| |||| 00| 0 spa d a970904641104aBX2532.T33bS57 20061 aSoria Soria, Arminda13aEl Convento Carmelita de San Joaquín, en Tacuba : barte, espíritu, sociedad y documentos / cArminda Soria Soria a1a ed.  aMéxico : bInstituto de Cultura del Estado de Durango : |b Instituto Tecnológico Superior de Comalcalco de Tabasco, bInstituto Tecnológico Superior de Comalcalco de Tabasco, c2006 a233 p. : bilust., mapas, planos, c27 cm. 24aConvento Carmelita de San Joaquín z(México, D. F.) 72LEMBaConventoszCiudad de MéxicoxHistoria 4aCarmelitas en México